000 00911cam a22002775a 4500
001 016488454
003 OSt
005 20151102133004.0
008 130806t2014 nyua frb 001 0 eng d
020 _a9780071318518 (pbk.)
020 _a0071318518
040 _aStDuBDS
_beng
_cStDuBDS
_dUk
_dEG-ScBUE
_dEG-ScBUE
082 0 4 _a330.015195
_bHIL
_222
100 1 _aHilmer, Christiana E.
_938635
245 1 0 _aPractical econometrics :
_bdata collection, analysis, and application /
_cChristiana E. Hilmer, Michael J. Hilmer.
250 _aInternational student ed.
260 _aNew York :
_bMcgraw-Hill Education ,
_cc.2014.
300 _axvii, 523 p. :
_bill. ;
_c28 cm.
500 _aIndex : p. 519-523.
504 _aIncludes bibliographical references.
650 0 _aEconometrics.
_2BUEsh
651 _2BUEsh
653 _bBUSECO
_cJune2015
_cNovember2015
700 1 _aHilmer, Michael J.
942 _2ddc
999 _c19789
_d19761